MARC details
| 000 -CABECERA |
| campo de control de longitud fija |
02570cam a22003614i 4500 |
| 001 - NÚMERO DE CONTROL |
| campo de control |
991061504565906706 |
| 003 - IDENTIFICADOR DEL NÚMERO DE CONTROL |
| campo de control |
ES-BaIT |
| 005 - FECHA Y HORA DE LA ÚLTIMA TRANSACCIÓN |
| campo de control |
20260216102142.0 |
| 008 - DATOS DE LONGITUD FIJA--INFORMACIÓN GENERAL |
| campo de control de longitud fija |
251008e202509 sp a ||| |||| 000 0 spa|c |
| 017 ## - NÚMERO DE COPYRIGHT O DE DEPÓSITO LEGAL |
| Número de copyright o de depósito legal |
DL M 11928-2025 |
| Agencia que asigna |
Oficina DL Madrid |
| 020 ## - NÚMERO INTERNACIONAL ESTÁNDAR DEL LIBRO |
| Número Internacional Estándar del Libro |
9788437649276 |
| 040 ## - FUENTE DE LA CATALOGACIÓN |
| Centro catalogador/agencia de origen |
ES-BaUB |
| Lengua de catalogación |
cat |
| Normas de descripción |
rda |
| Centro/agencia transcriptor |
ES-BaUB |
| 080 ## - NÚMERO DE LA CLASIFICACIÓN DECIMAL UNIVERSAL |
| Número de la Clasificación Decimal Universal |
792.01 |
| 100 1# - ENTRADA PRINCIPAL--NOMBRE DE PERSONA |
| Nombre de persona |
Plaza, José Carlos |
| Término indicativo de función/relación |
autor |
| 9 (RLIN) |
39455 |
| 245 10 - MENCIÓN DE TÍTULO |
| Título |
Tratado de la obviedad : |
| Resto del título |
la interpretación desde la raíz / |
| Mención de responsabilidad, etc. |
José Carlos Plaza ; con Jorge Torres y Rocío Westendorp |
| 250 ## - MENCIÓN DE EDICIÓN |
| Mención de edición |
1a edición |
| 264 #1 - PRODUCCIÓN, PUBLICACIÓN, DISTRIBUCIÓN, FABRICACIÓN Y COPYRIGHT |
| Producción, publicación, distribución, fabricación y copyright |
Madrid : |
| Nombre del de productor, editor, distribuidor, fabricante |
Cátedra, |
| Fecha de producción, publicación, distribución, fabricación o copyright |
septiembre de 2025 |
| 300 ## - DESCRIPCIÓN FÍSICA |
| Extensión |
266 pàgines : |
| Otras características físicas |
il·lustracions en blanc i negre ; |
| Dimensiones |
21 cm |
| 336 ## - TIPO DE CONTENIDO |
| Término de tipo de contenido |
text |
| Código de tipo de contenido |
txt |
| Fuente |
rdacontent |
| 337 ## - TIPO DE MEDIO |
| Nombre/término del tipo de medio |
sense mediació |
| Código del tipo de medio |
n |
| Fuente |
rdamedia |
| 338 ## - TIPO DE SOPORTE |
| Nombre/término del tipo de soporte |
volum |
| Código del tipo de soporte |
nc |
| Fuente |
rdacarrier |
| 490 1# - MENCIÓN DE SERIE |
| Mención de serie |
Signo e imagen ; |
| Designación de volumen o secuencia |
227 |
| 520 ## - SUMARIO, ETC. |
| Sumario, etc. |
"No he permitido nunca la presencia de extraños al equipo en el proceso de preparación de ese acto de amor que es el teatro. Durante los ensayos los actores deben desnudarse, relajarse para sentirse libres y crear sin temor al ridículo, sin miedo a equivocarse. Por eso el ambiente debe ser protector, sin miradas ajenas [...]. Eso de 'la catarsis' que los antiguos griegos dijeron que era una purificación". José Carlos Plaza, el director de escena más galardonado de su generación, abre las puertas de su conocimiento en este libro, un tesoro para profesionales y un testimonio único para todo interesado en el proceso de creación y en el oficio de contar historias, para dejar que el lector entre en lo que considera más secreto: el ensayo de una obra de teatro. Ese momento medio mágico, medio científico, en que un texto escrito pasa a «hacerse carne» se nos desvela aquí de la mano de un hombre que ha pasado su vida dirigiendo espectáculos. Con juegos, anécdotas y análisis de texto inéditos, el libro revela tanto el laborioso entrenamiento de actores y actrices como el placer que significa vivir una situación imaginaria, y abandonar un yo más pequeño para revelar su inmenso yo creador. El objetivo: conseguir que el espectador salga transformado de una función teatral" -- Contracoberta |
| 650 #0 - PUNTO DE ACCESO ADICIONAL DE MATERIA--TÉRMINO DE MATERIA |
| Término de materia o nombre geográfico como elemento de entrada |
Direcció escènica |
| Subdivisión general |
Filosofia |
| 9 (RLIN) |
168450 |
| 650 #0 - PUNTO DE ACCESO ADICIONAL DE MATERIA--TÉRMINO DE MATERIA |
| Término de materia o nombre geográfico como elemento de entrada |
Interpretació |
| Subdivisión general |
Filosofia |
| 9 (RLIN) |
133432 |
| 650 #0 - PUNTO DE ACCESO ADICIONAL DE MATERIA--TÉRMINO DE MATERIA |
| Término de materia o nombre geográfico como elemento de entrada |
Teatre |
| Subdivisión general |
Filosofia |
| Fuente del encabezamiento o término |
lemac |
| 9 (RLIN) |
68842 |
| 700 1# - ENTRADA AGREGADA--NOMBRE PERSONAL |
| Nombre de persona |
Torres, Jorge, |
| Fechas asociadas al nombre |
1980- |
| Término indicativo de función/relación |
autor |
| 9 (RLIN) |
168451 |
| 700 1# - ENTRADA AGREGADA--NOMBRE PERSONAL |
| Nombre de persona |
Westendorp, Rocío |
| Término indicativo de función/relación |
autor |
| 9 (RLIN) |
164337 |
| 830 ## - PUNTO DE ACCESO ADICIONAL DE SERIE-TÍTULO UNIFORME |
| Título uniforme |
Signo e imagen (Ediciones Cátedra) |
| Designación de volumen o secuencia |
227 |
| 9 (RLIN) |
168452 |
| 908 ## - COLOCAR PARÁMETRO DE COMANDO (RLIN) |
| Colocar parámetro de comando |
UB |
| -- |
CDMAE |
| 940 ## - EQUIVALENCIA O REFERENCIA-CRUZADA--TÍTULO UNIFORME [OBSOLETO] [solamente CAN/MARC] |
| Título uniforme |
<a href="UB">UB</a> |
| 942 ## - ELEMENTOS DE ENTRADA AGREGADA (KOHA) |
| Fuente del sistema de clasificación o colocación |
Clasificación decimal universal |
| Tipo de ítem Koha |
Llibre |